Sbírka příkladů z pravděpodobnosti
Gespeichert in:
| 1. Verfasser: | |
|---|---|
| Weitere Verfasser: | |
| Format: | Buch |
| Sprache: | Tschechisch |
| Veröffentlicht: |
Bratislava
STATIS
2004
|
| Schlagworte: | |
| Tags: |
Keine Tags, Fügen Sie das erste Tag hinzu!
|
MARC
| LEADER | 00000nam$a2200000$$$4500 | ||
|---|---|---|---|
| 001 | 0028568 | ||
| 005 | 20240318114100.5 | ||
| 020 | |a 80-85659-36-0 | ||
| 041 | 0 | |a cze | |
| 044 | |a SK | ||
| 245 | 1 | 0 | |a Sbírka příkladů z pravděpodobnosti |c Jana Kubanová, Bohdan Linda |
| 264 | 1 | |a Bratislava |b STATIS |c 2004 | |
| 300 | |a 139 s. | ||
| 610 | 2 | 0 | |a pravdepodobnosť |
| 610 | 2 | 0 | |a štatistika matematická |
| 610 | 2 | 0 | |a obsluha |
| 610 | 2 | 0 | |a zásoby |
| 100 | 1 | |a Kubanová, Jana | |
| 700 | 1 | |a Linda, Bohdan | |